书目信息 |
| 题名: |
简明建筑结构设计手册
|
|
| 作者: | ;浙江大学土木系 编 | |
| 分册: | ||
| 出版信息: | 北京 中国建筑工业出版社 1980 |
|
| 页数: | 1073页 | |
| 开本: | 21cm | |
| 丛书名: | ||
| 单 册: | ||
| 中图分类: | TU318-62 | |
| 科图分类: | ||
| 主题词: | 建筑结构-结构设计--手册 , 结构设计-建筑结构--手册 | |
| 电子资源: | ||
| ISBN: | ||
| 000 | 00848nam0 2200265 45 | |
| 001 | 0180003870 | |
| 005 | 20040922082620.8 | |
| 010 | @b精装@dCNY7.10 | |
| 091 | @a15040.3800 | |
| 100 | @a19950703d1980 em y0chiy0121 ea | |
| 101 | 0 | @achi |
| 102 | @aCN@b110000 | |
| 105 | @ay z 000yy | |
| 106 | @ar | |
| 200 | 10 | @a简明建筑结构设计手册@Ajian ming jian zhu jie gou she ji shou ce@f浙江大学土木系等编@FZhe Jiang Da Xue Tu Mu Xi Deng Bian |
| 210 | @a北京@c中国建筑工业出版社@d1980 | |
| 215 | @a1073页@d21cm | |
| 517 | 1 | @a建筑结构设计手册@Ajian zhu jie gou she ji shou ce |
| 606 | @a建筑结构-结构设计@x手册 | |
| 606 | @a结构设计-建筑结构@x手册 | |
| 690 | @aTU318-62@v3 | |
| 711 | 02 | @a浙江大学土木系@Azhe jiang da xue tu mu xi@4编 |
| 801 | 0 | @aCN@b上海图书馆@c20040922 |
| 801 | 2 | @aCN@bNLC@c20040922 |
| 905 | @f1@b141528@dTU318-62@e113 | |
| 简明建筑结构设计手册/浙江大学土木系等编.-北京:中国建筑工业出版社,1980 |
| 1073页;21cm |
| ISBN (精装):CNY7.10 |
| ● |
| 相关链接 |
|
|
|
|
正题名:简明建筑结构设计手册
索取号:TU318-62/113
 
预约/预借
| 序号 | 登录号 | 条形码 | 馆藏地/架位号 | 状态 | 备注 |
| 1 | 0141528 | 000562000 | 工具书阅览室/ [索取号:TU318-62/113] | 在馆 | |
| 2 | 0141529 | 000562019 | 第二样本阅览室/ [索取号:TU318-62/113] | 在馆 |